00257nam a22000857a 4500008004100000082002100041245004800062260005300110300000800163230621b xxu||||| |||| 00| 0 eng d a328.30bCPA 2001 aGender-Sensitizing Commonwealth Parliaments aUKbCommonwealth Parliamentary Associationc2001 a25p